| 000 | 00382nam a2200157Ia 4500 | ||
|---|---|---|---|
| 005 | 20240620015906.0 | ||
| 008 | 240331s9999 xx 000 0 und d | ||
| 082 |
_bGAN _a891.48 |
||
| 100 | _aGanesalingan, S | ||
| 245 | 0 | _aUlaga santhiyil oru penn | |
| 260 |
_aChennai _bKumaran publishers _c2001 |
||
| 300 | _a152 p ., | ||
| 650 | _aBusiness ethic | ||
| 650 | _awomen | ||
| 942 | _cL | ||
| 999 |
_c3897 _d3897 |
||